Japonsko a jeho bankovní systém

Charakteristika a historický vývoj japonskej spoločnosti a ekonomiky.Súčasná situácia japonskej ekonomiky. História bankovníctva a súčasná štruktúra. Japonská centrálna banka (Bank of Japan). Mestské banky. Regionálne banky. Zahraničné banky v Japonsku. Banky dlhodobého úveru. Trustové banky. Ostatn...

Full description

Saved in:
Bibliographic Details
Main Author: Červenková, M.
Format: Book Chapter
Language:Czech
Subjects:
Tags: Add Tag
No Tags, Be the first to tag this record!

MARC

LEADER 00000naa a2200000 4500
001 r024337
005 20221205085824.4
041 0 |a cze 
044 |a CZ 
245 1 0 |a Japonsko a jeho bankovní systém  |c M. Červenková 
520 |a Charakteristika a historický vývoj japonskej spoločnosti a ekonomiky.Súčasná situácia japonskej ekonomiky. História bankovníctva a súčasná štruktúra. Japonská centrálna banka (Bank of Japan). Mestské banky. Regionálne banky. Zahraničné banky v Japonsku. Banky dlhodobého úveru. Trustové banky. Ostatné finančné inštitúcie. Profily vybraných japonských bánk: Bank of Tokyo, Sumitomo Bank, Dai-Ichi Kangyo Bank, Sanwa Bank, Fuji Bank, Sakura Bank. Akumulácia kapitálu v Japonsku. Porovnanie japonských bánk v medzinárodnom meradle. 
610 2 0 |a bankovníctvo 
610 2 0 |a Japonsko 
610 2 0 |a história 
610 2 0 |a hospodárstvo národné 
610 2 0 |a banky 
610 2 0 |a sústava banková 
610 2 0 |a banky emisné 
610 2 0 |a banky obchodné 
610 2 0 |a akumulácia kapitálu 
610 2 0 |a Bank of Japan 
100 1 |a Červenková, M.